Specifika hospodářských cyklů Japonska

Pojem hospodárske cykly. Hospodárske cykly v Japonsku v historickom kontexte. Oficiálne vyhlásené hospodárske cykly v Japonsku.

Enregistré dans:
Détails bibliographiques
Auteur principal: Stuchlíková, Zuzana
Format: Chapitre de livre
Langue:tchèque
Sujets:
Tags: Ajouter un tag
Pas de tags, Soyez le premier à ajouter un tag!

MARC

LEADER 00000naa a2200000 4500
001 0129243
005 20231208072012.0
041 0 |a cze 
044 |a SK 
245 1 0 |a Specifika hospodářských cyklů Japonska  |c Zuzana Stuchlíková 
520 |a Pojem hospodárske cykly. Hospodárske cykly v Japonsku v historickom kontexte. Oficiálne vyhlásené hospodárske cykly v Japonsku. 
610 2 0 |a Japonsko 
610 2 0 |a cykly hospodárske 
610 2 0 |a recesia 
610 2 0 |a pojmy 
610 2 0 |a vývoj hospodársky 
610 2 0 |a podnikanie 
100 1 |a Stuchlíková, Zuzana